Continent Letter Country Sextets Quiz Stats

 Plays Quiz Updated Apr 3, 2018

Challenge
Share
Tweet
Embed
Score 0/12 Timer 03:00
8 Plays Today
Hint Answer % Correct
Asia (T)Thailand
89.7%
Africa (C)Chad
89.1%
Asia (T)Turkmenistan
86.1%
Africa (C)Cameroon
83.9%
Asia (T)Tajikistan
81.4%
Asia (T)Turkey
81.1%
Asia (T)Taiwan
79.5%
Africa (C)Central African Republic
75.5%
Africa (C)Comoros
75.1%
Africa (C)Cabo Verde
68.2%
Africa (C)Côte d'Ivoire
59.9%
Asia (T)Timor-Leste
59.5%

You're not logged in!

Compare scores with friends on all Sporcle quizzes.
OR
Log In

You Might Also Like...

Show Comments

Extras

Top Quizzes Today


Score Distribution

Your Account Isn't Verified!

In order to create a playlist on Sporcle, you need to verify the email address you used during registration. Go to your Sporcle Settings to finish the process.

Report this User

Report this user for behavior that violates our Community Guidelines.

Details: